Libertad y restricción en la decisión judicial el debate con la teoría crítica del derecho (CLS) (Registro nro. 28073)

Detalles MARC
000 -ENCABEZADO
Número de control [NR] 01404nam a2200313Ia 4500
008 - DE LONGITUD FIJA DE DATOS DE ELEMENTOS - INFORMACIÓN GENERAL
Elementos de longitud fija [NR] 130821s1999 ck gr spa
020 ## - NUMERO INTERNACIONAL NORMALIZADO PARA LIBROS [R]
Número Internacional Normalizado del libro [NR] 9586650286
040 ## - FUENTE DE CATALOGACION [NR]
Agencia de catalogación original [NR] Co-BoUCM
Idioma de catalogación [NR] spa
041 00 - CODIGO DE IDIOMA [R]
Código de idioma para texto/pista de sonido o título separado [R] Español
100 1# - ASIENTO PRINCIPAL--NOMBRE PERSONAL [NR]
Nombre personal [NR] Kennedy, Duncan
ID Autoridad 154365
245 10 - MENCION DE TITULO [NR]
Título [NR] Libertad y restricción en la decisión judicial el debate con la teoría crítica del derecho (CLS)
Mención de responsabilidad, etc. [NR] Duncan Kennedy ; estudio preliminar : César Rodríguez ; traductores : Diego Eduardo López Medina y Juan Manuel Pombo.
260 ## - PUBLICACION, DISTRIBUCION, ETC. (PIE DE IMPRENTA) [R]
Lugar de publicación, distribución, etc. [R] Bogotá (Colombia)
Nombre del editor, distribuidor, etc. [R] Siglo del Hombre Editores, Universidad de Los Andes, Universidad Javeriana
Fecha de publicación, distribución, etc. [R] 1999
300 ## - DESCRIPCION FISICA [R]
Extensión [R] 224 páginas
490 #0 - MENCION DE SERIE [R]
Mención de serie [R] Biblioteca Universitaria.
-- Ciencias Sociales y Humanidades
490 #0 - MENCION DE SERIE [R]
Mención de serie [R] Nuevo Pensamiento Jurídico.
-- Serie Temas
504 ## - NOTA DE BIBLIOGRAFIA, ETC. [R]
Nota de bibliografía, etc. [NR]
650 04 - ASIENTO SECUNDARIO DE MATERIA - TERMINO TEMATICO [R]
Término temático o nombre geográfico como elemento de entrada [NR] Autonomía de la voluntad (Derecho)
9 (RLIN) 9794
650 04 - ASIENTO SECUNDARIO DE MATERIA - TERMINO TEMATICO [R]
Término temático o nombre geográfico como elemento de entrada [NR] Filosofía del derecho
9 (RLIN) 15792
650 04 - ASIENTO SECUNDARIO DE MATERIA - TERMINO TEMATICO [R]
Término temático o nombre geográfico como elemento de entrada [NR] Libertad (Derecho)
9 (RLIN) 18466
650 04 - ASIENTO SECUNDARIO DE MATERIA - TERMINO TEMATICO [R]
Término temático o nombre geográfico como elemento de entrada [NR] Teoría del derecho
9 (RLIN) 25308
700 1# - ASIENTO SECUNDARIO - NOMBRE PERSONAL [R]
Nombre personal [NR] López Medina, Diego Eduardo
Término de relación [R]
9 (RLIN) 31962
700 1# - ASIENTO SECUNDARIO - NOMBRE PERSONAL [R]
Nombre personal [NR] Pombo, Juan Manuel
Término de relación [R]
9 (RLIN) 129992
710 1# - ASIENTO SECUNDARIO - NOMBRE CORPORATIVO [R]
Nombre corporativo o de jurisdicción como elemento de entrada [NR] Pontificia Universidad Javeriana.
Unidad subordinada [R] Facultad de Ciencias Jurídicas
9 (RLIN) 4566
710 1# - ASIENTO SECUNDARIO - NOMBRE CORPORATIVO [R]
Nombre corporativo o de jurisdicción como elemento de entrada [NR] Universidad de Los Andes.
Unidad subordinada [R] Facultad de Derecho
9 (RLIN) 29565
710 2# - ASIENTO SECUNDARIO - NOMBRE CORPORATIVO [R]
Nombre corporativo o de jurisdicción como elemento de entrada [NR] Instituto Pensar
9 (RLIN) 138691
830 ## - ASIENTO SECUNDARIO DE SERIE--TITULO UNIFORME [R]
Título uniforme [NR] BB_J_DINTE
9 (RLIN) 30417
942 ## - ELEMENTOS DE ENTRADA AGREGADOS (KOHA)
Tipo de ítem principal el descrito en 300a Libro
Tema principal Derecho
Edición 1
Parte restante de la signatura top. K35L
Sistema de clasificación DEWEY
Clasificación 340.1
Existencias
Fecha de último préstamo Total préstamos Total Renewals Signatura topográfica Código de barras Última vez visto Ejemplar Price effective from Tipo de ítem Perdido Sistema de clasificación Dañado No prestable Tipo de ítem específico Suprimido Ubicación habitual Ubicación actual Localización Fecha de creación Forma de adquisición Costo
04/10/2019 70 14 340.1 K35L 100051507 10/06/2026 Ej.1 03/02/2013 Libro   DEWEY     Libro   Claustro Claustro 3er piso 28/02/2003 Compra 55000.00
17/05/2019 57 5 340.1 K35L 100064104 10/06/2026 Ej.2 03/02/2013 Libro   DEWEY     Libro   Claustro Claustro 3er piso 28/02/2004   24500.00
15/11/2019 91 19 340.1 K35L 100068431 10/06/2026 Ej.3 03/02/2013 Libro   DEWEY     Libro   Claustro Claustro 3er piso 28/02/2004 Compra 21824.00
23/03/2013 1   340.1 K35L 100080081 10/06/2026 Ej.4 03/02/2013 Libro de reserva   DEWEY     Libro de reserva   Claustro Claustro 3er piso 28/02/2006 Compra 22480.00